000 01041nam0a22002771 4500
001 rc\3038138
005 20250806210628.0
035 _a(NLR Aleph) 007178581
090 _a21229
_c21229
100 _a20111004d1944 u y0rusy50 ca
101 0 _arus
102 _aRU
105 _aa z |||||
200 1 _aМуму
_aБежин луг
_fИ. Тургенев
_g[Ил. С.М. Закржевская]
210 _a[Горький]
_cГорьк. обл. изд-во
_d1944
_gТип. Горькполиграф.
215 _a47 с.
_cил.
_d20 см
700 1 _aТургенев
_bИ. С.
_f1818-1883
_gИван Сергеевич
_3RU\NLR\AUTH\77102
702 1 _aЗакржевская
_bС. М.
_cхудожник-график
_f1899-1985
_gСофья Михайловна
_3RU\NLR\AUTH\770175857
_4440
801 0 _aRU
_bNLR
_gpsbo
801 1 _aRU
_bELAR
_2rusmarc
852 _aNLR
_bЛ
_j30 Г-4/328
942 _cBOOK
945 _aРоссийская национальная библиотека
980 _aNB
980 _aBV